• 首页
  • 本馆介绍
  • 公告通知
  • 最新文献
  • 馆藏检索
  • 电子资源
  • 读者导购
  • 参考咨询
  • 我的图书馆
  • 登录
  • 详细信息显示
  • 放入我的书架
  • 预约/预借图书
  • 作者相关作品
  • 分类相关作品
  • 丛书相关作品
  • 出版社相关作品

书目信息

  • 表格格式
  • 工作单格式
  • 卡片格式
题名:
遥感技术与地学应用
    
 
作者: 胡著智 , 王慧麟 , 陈钦峦 编著
分册:  
出版信息: 南京   南京大学出版社  1999.8
页数: 267页
开本: 16开
丛书名:
单 册:
中图分类: P237
科图分类:
主题词: 摄影测量法
电子资源:
ISBN: 7-305-03356-1
000 00652nam0 2200217 45
001 0103260901
005 20031219104049.2
010    @a7-305-03356-1@dCNY24.00
100    @a20010326d1999 km y0chiy0120 ea
101 0  @achi
105    @a z 000yy
200 1  @a遥感技术与地学应用@AYao Gan Ji Shu Yu Di Xue Ying Yong@f胡著智,王慧麟,陈钦峦编著@FHu Zhu Zhi,Wang Hui Lin,Chen Qin Luan Bian Zhu
210    @a南京@c南京大学出版社@d1999.8
215    @a267页@d16开
606 0  @a摄影测量法
690    @aP237@v3
701  0 @a胡著智@4编著
701  0 @a王慧麟@4编著
701  0 @a陈钦峦@4编著
801    @aCN@bTSTC@c20010326
905    @b295979-981@dP237@e68@f3
    
    遥感技术与地学应用/胡著智,王慧麟,陈钦峦编著.-南京:南京大学出版社,1999.8
    267页;16开
    
    
    ISBN 7-305-03356-1:CNY24.00
    
●
相关链接 在E读中查询图书 在五车中查询图书 在当当中查询图书 在豆瓣中查询图书


正题名:遥感技术与地学应用     索取号:P237/68         预约/预借

序号 登录号 条形码 馆藏地/架位号 状态 备注
1 0295979   002959793   第三借阅区/ [索取号:P237/68] 在馆    
2 0295980   002959800   第三借阅区/ [索取号:P237/68] 在馆    
3 0295981   002959819   第二样本阅览室/ [索取号:P237/68] 在馆    
唐山师范学院图书馆 欢迎您!
大连网信软件有限公司© 版权所有